01098 2200313 4500001002100000005001500021035002000036007000300056008004100059336002100100337002300121338003800144040002200182100004600204245011100250300003100361020001800392082001600410084001800426264005400444500006900498650002400567700004100591850001200632852002000644856007600664990002200740990002200762INLIS00000000086564820211026012532 a0010-1021000568ta211026s2006 yoia gsd ind d 2rdacontentateks 2rdamediaakomputer 2rdacarrieraSumber sambung jaring aYOPDYOGbinderda0 aBambang Djadmo Kertonegorod1945epenulis10aKamus istilah ilmu tanah [sumber elektronik] /cpenulis, Bambang Djadmo Kertonegoro, Syamsul Arifin Siradz a1 berkas komputer (7,7 MB) a979-420-607-504223a631.403 a631.403 BAM k31aYogyakarta :bGadjah Mada University Press,c2006 auntuk mengakses buku ini silakan unduh aplikasi http://iJogja.id 4aIlmu tanah--vKamus0 aSyamsul Arifin Siradzd1946epenulis aYOPDYOG8 aaplikasi iJogja40nPerpustakaan digital iJogjauhttp://ijogja.id /publications/books/16620 a003867-EPD/B.2016 a003868-EPD/B.2016